Co počítá počítač

Uložené v:
Podrobná bibliografia
Hlavný autor: Vlček, Jaroslav
Médium: Kniha
Jazyk:Czech
Vydavateľské údaje: Praha Státní nakladatelství technické literatury 1985
Vydanie:1. vyd.
Edícia:Populární kybernetika Sv.7
Tagy: Pridať tag
Žiadne tagy, Buďte prvý, kto otaguje tento záznam!

MARC

LEADER 00000nam a2200000 4500
001 c023435
005 20250520074623.9
041 0 |a cze 
044 |a CZ 
245 1 0 |a Co počítá počítač  |c Jaroslav Vlček 
250 |a 1. vyd. 
264 1 |a Praha  |b Státní nakladatelství technické literatury  |c 1985 
300 |a 141 s. 
490 1 |a Populární kybernetika  |v Sv.7 
830 0 |a Populární kybernetika  |v Sv.7 
100 1 |a Vlček, Jaroslav